01176nam a22002297a 4500010001300000020002600013035001300039037001800052040001200070082001500082100002200097245010100119260004800220270004900268300012000317505040200437650002900839650001600868650001900884650001500903700002800918 aA-943841 a817648010Xc5000(set) aA-943841 aCen Lib / Ret aDPLbEN a363.7bNEE aNeelima Rajvaidya aAdvances in environmental science and technology /cby Neelima Rajvaidya ; Dilip Kumar Markandey aNew DelhibAPH Publishing Corporationc1998 a5, Ansari Road Darya GanjbNew Delhie110002 a8.v ; (v 1. 346 ; v 1 xxxi, 361 ; v 3. 424 ; v 4. xvi, 244 ; v 5. 207 ; v 6. xvii, 259 ; v 7. 113; v 8. xviii, 181) a8 v. (v 1. Water characteristics and properties ; v 2. environmental analysis and instrumentation ; v 3. Environmental biochemistry ; v 4. Environmental pollution control a refresher course ; v 5 Environment measurement : concept and approach ; v 6. treatment of textile industrial effluent ; v 7. Treatment of pulp - and paper industrial effluent ; v 8. Microbial technology for bio remediation) aEnvironmental Pollution. aTechnology. aAir Pollution. aPollution. aMarkandey, Dilip Kumar